Statistics for Hottest Actress/Singers of the 2000's

Click here to take the quiz!

General Stats

  • This quiz has been taken 21 times
    (10 since last reset)
  • The average score is 8 of 30

Answer Stats

HintAnswer% Correct
3Rihanna
78%
7Beyonce
67%
29Angelina Jolie
56%
30Britney Spears
56%
12Megan Fox
56%
11Shakira
56%
9Jennifer Aniston
44%
13Jennifer Lopez
44%
1Jessica Alba
33%
18Katy Perry
33%
14Natalie Portman
33%
2Scarlett Johansson
33%
22Ariana Grande
22%
4Halle Berry
22%
21Keira Knightley
22%
6Mila Kunis
22%
27Penelope Cruz
22%
24Sofia Vergara
22%
17Alicia Keys
11%
28Carmen Electra
11%
5Jessica Beil
11%
16Kate Beckinsale
11%
23Miley Cyrus
11%
25Rachel McAdams
11%
15Emilia Clarke
0%
8Eva Mendes
0%
19Kate Upton
0%
20Olivia Wilde
0%
26Reese Witherspoon
0%
10Vanessa Hudgens
0%

Score Distribution

Percentile by Number Answered

Percent of People with Each Score

Your Score History

You have not taken this quiz since the last reset